S Ježišom ideme k Otcovi 2 rímsko-katolícky katechizmus pre začiatočníkov

Bibliographic Details
Main Author: Janáč, Pavol, 1942-2017 (Author)
Other Authors: Neumannová, Barbara (výtvarníčka) (Illustrator)
Format: Book
Language:Slovak
PhysicalDescription:64 strán farebné ilustrácie, noty 30 cm
Published: Bratislava Príroda 1990
ISBN:8085198037
Edition:1. vyd.
Subjects:

MARC

LEADER 00000cam a2200000 a 4500
001 vtls001062342
003 SK-MaSNL
005 20260301232644.0
008 240226s1990 xo gaf brp 000 0 slo
015 |a SNBA1990/06 
020 |a 8085198037  |q (brožované) 
035 |a SNK000005170 
035 |a urn:nbn:sk:snk-amln6l 
035 |a urn:nbn:sk:snk-am00byp9 
035 |a A4D18B62-6029-4884-8DC2-32432AB92C23 
040 |a SNK  |b slo  |c SNK  |e AACR2 
041 0 |a slo 
043 |a e-xo--- 
044 |a xo  |c SK 
072 7 |a 27  |x Kresťanstvo. Kresťanská cirkev všeobecne. Ekleziológia  |2 konspekt 
072 7 |a 37.016  |x Učebné osnovy. Vyučovacie predmety. Učebnice  |2 konspekt 
072 7 |a 27-1/-2  |x Kresťanská teológia. Dogmatická teológia  |2 konspekt 
080 |a 27-75  |2 2011 
080 |a 27-14  |2 2011 
080 |a 2‑282.4  |2 2011 
080 |a (075.2)  |2 2011 
080 |a (0.025.2)  |2 2011 
245 0 0 |a S Ježišom ideme k Otcovi 2  |b rímsko-katolícky katechizmus pre začiatočníkov  |c [Pavol Janáč ... [et al.] ; ilustrácie: Barbora Neumannová] 
246 3 5 |a S Ježišom ideme k Otcovi  |b II. ročník 
246 3 8 |a S Ježišom ideme k Otcovi 2  |b (rímsko-katolícky katechizmus pre začiatočníkov) 
250 |a 1. vyd. 
260 |a Bratislava  |b Príroda  |c 1990 
300 |a 64 strán  |b farebné ilustrácie, noty  |c 30 cm 
366 |e 100000 kusov 
500 |a Vydal Spolok sv. Vojtecha, Trnava 
500 |a Názov z tiráže:  |a S Ježišom ideme k Otcovi 2 : (rímsko-katolícky katechizmus pre začiatočníkov) 
500 |a Názov z doplnkovej titulnej strany: S Ježišom ideme k Otcovi : II. ročník 
500 |a Dokument obsahuje 2 časti 
600 0 7 |a Ježiš Kristus  |2 SNKMA 
610 2 7 |a Rímskokatolícka cirkev  |2 SNKKA  |9 32394 
650 0 7 |a katechetika  |2 SNKPH  |9 4065 
650 0 7 |a Boh  |2 SNKPH  |9 2070 
655 7 |a učebnice základných škôl  |2 SNKPH  |9 70187 
655 7 |a katechizmy  |2 SNKPH  |9 135732 
655 7 |a ilustrované publikácie  |2 SNKPH  |9 109406 
700 1 |a Janáč, Pavol,  |d 1942-2017  |4 aut  |9 210037 
700 1 |a Neumannová, Barbara  |c (výtvarníčka)  |4 ill  |9 11014 
710 2 |a Spolok sv. Vojtecha (Trnava, Slovensko)  |4 pbl  |9 34261 
740 0 2 |a Poznávame Boha, nášho nebeského Otca 
740 0 2 |a Poznávame Ježiša Krista, nášho Brata a Vykupiteľa 
852 |a Slovenská národná knižnica 
919 |a 80-85198-03-7 
954 |a odborná, vedecká literatúra pôvodná (slovenská)  |2 lita 
954 |a duchovná literatúra pôvodná (slovenská)  |2 lita 
954 |a ilustrované knihy, leporelá, komiksy pôvodné (slovenské)  |2 lita 
958 |a RK 
958 |a TL 
958 |a NT 
958 |a OND 
958 |a UC 
958 |a DB 
958 |a EUIPO 
999 |c 962178  |d 964108 
952 |t P60, <04>, [BOOK], {604}  |a SNK  |b SNK  |y VYP  |7 0  |p 17A0149177  |o snkSB 47007 D1  |0 0  |1 0  |4 0  |d 1998-07-20  |l 0  |r 2004-12-31 00:00:00  |w 2026-02-24 
952 |a SNK  |b SNK  |y PREZ  |7 0  |p 17A0859962  |o snkSB 47007  |i snkKSP 7090/90  |0 0  |1 0  |4 0  |d 2012-07-09  |f 1  |l 0  |r 2025-02-07 00:00:00  |w 2026-02-24